Name That Nazi- Image - Statistics

General Stats
  • This quiz has been taken 337 times
    101 since last reset
  • The average score is 5 of 10
Answer Stats
Picture Answer % Correct
Adolf Hitler
100%
Heinrich Himmler
91%
Joseph Goebbels
84%
Hermann Göring
76%
Rudolph Hess
53%
Adolf Eichmann
35%
Dr. Josef Mengele
31%
Martin Bormann
30%
Amon Göth
13%
Rudolph Höss
10%
No matching quizzes found
Score Distribution
Percent of People with Each Score
Percentile by Number Answered
Your Score History
You have not taken this quiz since the last reset